=LDR 00000nam 2200000 4500 =001 INLIS000000000014716 =005 20130612110008 =008 ***********************************Ind** =035 ##$$0010-061300000014716 =041 ##$$a Ind =082 ##$$a 600 =090 ##$$a 600, Pol j =100 ##$$a Pollock, Steve =245 ##$$a Jendela Iptek 10, Ekologi, Sreve Pllock =260 ##$$a 2000 $b Jakarta =300 ##$$a 64, hlm, Ilus, 30 cm =650 ##$$a Tehnologi dan sains =850 ##$$a NBPNMAT